Statistics for Cities Starting With Q

Click here to take the quiz!

General Stats

  • This quiz has been taken 15 times
  • The average score is 5 of 13

Answer Stats

CountryCity% Correct
PhilippinesQuezon City
92%
ChinaQingdao
85%
EcuadorQuito
85%
CanadaQuébec
77%
IranQom
69%
PakistanQuetta
46%
ArgentinaQuilmes
23%
IranQazvin
15%
ChinaQiqihar
15%
IranQarchak
8%
EgyptQena
8%
ChinaQinhuangdao
8%
ChinaQionghai
8%

Score Distribution

Percentile by Number Answered

Percent of People with Each Score

Your Score History

You have not taken this quiz